000 00631nam a2200241 a 4500
001 nice12345678
003 IN_TiNIC
005 20260116011657.0
008 050524s1978 mada grp 000 0 eng
020 _a
_c25
082 0 0 _a306.0899145
_bVIN
100 _aVincent, Kaushal
245 _aSocio-Economic Study of Bhoilymbong
_b a Village in Meghalaya.
260 _aMadras
_bChristian Literature Society
_c1978
300 _a378p
500 _aincludes index and biblioraphy
505 2 _aIndex
650 _aTribes-India-Meghalaya
700 1 _aVincent, Kaushal
902 _bSRS
942 _cBK
999 _c3343
_d3343